Entry Toplantı Adı
001 - KONTROL NUMARASI
- Kontrol alanı: 114442
003 - KONTROL NUMARASI KİMLİĞİ
- Kontrol alanı: TR-BiSEU
005 - SON İŞLEM TARİHİ VE ZAMANI
- Kontrol alanı: 20260207004347.0
008 - SABİT UZUNLUKTAKİ VERİ ÖGELERİ - GENEL BİLGİ
- Sabit uzunlukta kontrol alanı: 260207|| aca||aabn | a|a d
040 ## - KATALOGLAMA KAYNAĞI
- Özgün kataloglama kurumu: TR-BiSEU
- Çeviri kurumu: TR-BiSEU
111 ## - KONU BAŞLIKLARI - TOPLANTI ADI
- Toplantı adı: Sosyal Medya ve Etik Çalıştayı (20 Şubat 2017 : İstanbul)
670 ## - BİLGİNİN KAYNAĞI
- Bilginin alındığı kaynak: KOHA: (TR-BiSEU)61460: Sosyal Medya ve Etik Çalıştayı (20 Şubat 2017 : İstanbul), Sosyal medya ve etik çalıştayı 20 Şubat 2017/
